How to prepare a business plan / (Record no. 2320)

MARC details
000 -LEADER
fixed length control field 00902nac a22002291u 4500
008 - FIXED-LENGTH DATA ELEMENTS--GENERAL INFORMATION
fixed length control field 100919t xxu||||| |||| 00| 0 eng d
010 ## - LIBRARY OF CONGRESS CONTROL NUMBER
LC control number 2005616746
020 ## - INTERNATIONAL STANDARD BOOK NUMBER
International Standard Book Number 0749441917
082 00 - DEWEY DECIMAL CLASSIFICATION NUMBER
Classification number 658.4012
Item number BLA
100 ## - MAIN ENTRY--PERSONAL NAME
Personal name Blackwell, Edward.
9 (RLIN) 19473
245 10 - TITLE STATEMENT
Title How to prepare a business plan /
Statement of responsibility, etc Edward Blackwell.
250 ## - EDITION STATEMENT
Edition statement Rev. 4th ed.
260 ## - PUBLICATION, DISTRIBUTION, ETC. (IMPRINT)
Place of publication, distribution, etc London ;
-- Sterling, VA :
Name of publisher, distributor, etc Kogan Page,2004
Date of publication, distribution, etc 2004.
300 ## - PHYSICAL DESCRIPTION
Extent vi, 184 p. ;
Dimensions 24 cm.
490 ## - Series Statement
-- 19472
Series statement The Sunday Times Business Enterprise Guide
500 ## - GENERAL NOTE
General note Includes index.
650 00 - SUBJECT ADDED ENTRY--TOPICAL TERM
Topical term or geographic name as entry element New business enterprises
General subdivision Planning.
9 (RLIN) 19474
650 00 - SUBJECT ADDED ENTRY--TOPICAL TERM
Topical term or geographic name as entry element Strategic planning.
9 (RLIN) 19475
650 00 - SUBJECT ADDED ENTRY--TOPICAL TERM
Topical term or geographic name as entry element Proposal writing in business.
9 (RLIN) 19476
942 ## - ADDED ENTRY ELEMENTS (KOHA)
Item type Book - Borrowing
Call number prefix 658.4012BLA
Source of classification or shelving scheme Dewey Decimal Classification
Holdings
Withdrawn status Item status Damaged status Not for loan Home library Current library Shelving location Date acquired Source of acquisition Total Checkouts Total Renewals Full call number Barcode Date last seen Date last borrowed Koha item type
        Central Library Central Library First floor 07/02/2015 Purchase 9 33 658.4012 BLA 000001854 15/07/2025 22/02/2025 Book - Borrowing